State of origin game 1 lineups 2024 - Statistics

General Stats
  • This quiz has been taken 24 times
  • The average score is 28 of 40
Answer Stats
Hint Answer % Correct
1 - Broncos Reece Walsh
100%
2 - Panthers Brian To'o
94%
6 - Panthers Jarome Luai
94%
7 - Sea Eagles Daly Cherry-Evans
89%
1 - Panthers Dylan Edwards
89%
7 - Sharks Nicholas Hynes
89%
10 - Broncos Payne Haas
89%
3 - Bulldogs Stephen Crichton
89%
11 - Roosters Angus Crichton
83%
11 - Dragons Jaydn Su'A
83%
3 - Cowboys Valentine Holmes
83%
5 - Dragons Zac Lomax
83%
14 - Panthers Isaah Yeo
78%
8 - Sea Eagles Jake Trbojevic
78%
4 - Roosters Joseph Suaali'i
78%
2 - Storm Xavier Coates
78%
4 - Dolphins Hamiso Tabuai-Fidow
72%
12 - Panthers Liam Martin
72%
13 - Broncos Patrick Carrigan
72%
9 - Dragons Ben Hunt
67%
17 - Raiders Hudson Young
67%
10 - Roosters Lindsay Collins
67%
9 - Cowboys Reece Robson
67%
6 - Cowboys Thomas Dearden
67%
14 - Storm Harry Grant
61%
5 - Cowboys Murray Taulagi
61%
17 - Broncos Selwyn Cobbo
61%
13 - Sharks Cameron McInnes
56%
12 - Cowboys Jeremiah Nanai
56%
18 - Bulldogs Matt Burton
56%
20 - Warriors Mitchell Barnett
56%
20 - Broncos Ezra Mam
50%
16 - Eels J'maine Hopgood
50%
8 - Cowboys Reuben Cotter
50%
16 - Roosters Spencer Leniu
50%
19 - Broncos Brendan Piakura
44%
18 - Dolphins Felise Kaufusi
44%
15 - Sea Eagles Haumole Olakau'atu
44%
15 - Titans Moeaki Fotuaika
44%
19 - Roosters Luke Keary
39%
No matching quizzes found
Score Distribution
Percent of People with Each Score
Percentile by Number Answered
Your Score History
You have not taken this quiz